| 000 | 00799nam a2200265Ia 4500 | ||
|---|---|---|---|
| 005 | 20260601193219.0 | ||
| 008 | 260601s9999||||xx |||||||||||||| ||und|| | ||
| 020 |
_a978-3-031-45857-6 _qebk |
||
| 100 | _aLisa Koch | ||
| 245 | 0 | _aDomain Adaptation and Representation Transfer | |
| 250 | _a1st ed. 2024 | ||
| 260 |
_aHeidelberg, Germany _bSpringer Nature _c2024 |
||
| 440 | _aLecture Notes in Computer Science | ||
| 650 | _aComputer Science | ||
| 700 | _aDong Yang | ||
| 700 | _aEnzo Ferrante | ||
| 700 | _aKonstantinos Kamnitsas | ||
| 700 | _aM. Jorge Cardoso | ||
| 700 | _aMeirui Jiang | ||
| 700 | _aMobarakol Islam | ||
| 700 | _aNicola Rieke | ||
| 700 | _aSotirios A. Tsaftaris | ||
| 856 | _uhttps://link.springer.com/openurl?genre=book&isbn=978-3-031-45857-6 | ||
| 942 |
_cEB _2ddc |
||
| 999 |
_c55743 _d55743 |
||